Metóda ABC : kalkulácia skutočných nákladov na produkt /

Saved in:
Bibliographic Details
Main Authors: Komorník, Jozef, 1950- (Author), Kiselicová, Renáta (Author), Matuška, Juraj (Author), Rafaj, Peter (Author)
Format: Book
Language:Slovak
Published: Bratislava : Elita, 1997
Subjects:
Tags: Add Tag
No Tags, Be the first to tag this record!

MARC

LEADER 00000nam a22000003a 4500
001 stu10409
005 20150617225803.8
008 980109s1997----xo------------------slo-d
020 |a 80-8044-035-2 
040 |a STU  |b slo 
041 0 |a slo 
044 |a xo 
080 |a 658.14/.17 
080 |a 657 
100 1 |a Komorník, Jozef,  |d 1950-  |4 aut  |X 53864  |7 A000053864 
245 1 |a Metóda ABC :  |b kalkulácia skutočných nákladov na produkt /  |c [aut.] Kiselicová,Renáta; Aut. Komorník,Jozef;Aut. Matuška,Juraj;Aut. Rafaj,Peter 
260 |a Bratislava :  |b Elita,  |c 1997 
300 |a 88 s 
650 7 |a finančné hospodárstvo  |2 stusub 
650 7 |a účtovníctvo  |2 stusub 
650 7 |a kalkulácia nákladov  |2 stusub 
700 1 |a Kiselicová, Renáta  |4 aut 
700 1 |a Matuška, Juraj  |4 aut 
700 1 |a Rafaj, Peter  |4 aut 
996 |b E81623  |c R*81623  |l RRUM  |s A  |a 24  |w stu10409_0001